000 00574nam a2200193Ia 4500
003 GCL
008 140319s9999 xx 000 0 ara d
040 _aGCL /
_cGCL
082 0 4 _a950.42
_bر ا
100 1 _aرومين، جول
245 1 0 _aاسيا المعاصرة: اقول العرب /
_cرومين، جول
700 1 _aاحمد عادل
300 _a128 ص
490 _aكتاب التحرير السياسى
_v0
650 0 4 _aالعالم العربى
650 0 4 _aاسيا - تاريخ
650 0 4 _aالثورة الاشتراكية
942 _2ddc
_cBK
999 _c47026
_d47026